00596 2200193 4500001002100000005001500021035002000036007000300056008004100059082001200100084001800112100001600130245007100146260007400217300004400291650002100335856003000356990001600386INLIS00000000000021820231102100141 a0010-1123000001ta231102 g 0 ind  a633.841 a633.841 KHA p0 aKhairul Zen1 aPetunjuk teknis Penyakit Antraknos pada cabai dan penegendaliannya aSukarami :bBalai Pengkajian Tekologi Pertanian Sumatera Barat,c2005 aiii,; 10 hlm :billus, ;c15 cm x 21 cm 4acabai, antraknos aperpustakaan bpsip sumbar a00000000240